Olimpiada matemática ñandú : problemas 7 /
Guardado en:
| Autor Principal: | |
|---|---|
| Otros Autores: | |
| Formato: | Libro |
| Publicado: |
Buenos Aires :
Red Olímpica,
1999
|
| Series: | Pacha Mama
|
| Materias: | |
| Etiquetas: |
Agregar Etiqueta
Sin Etiquetas, Sea el primero en etiquetar este registro!
|
| LEADER | 00624nam a22002055a 4500 | ||
|---|---|---|---|
| 001 | CEM.cems010422 | ||
| 005 | 20080627103405.0 | ||
| 008 | 130507s1999##################000#0#####d | ||
| 003 | CEMS | ||
| 020 | |a 987907226X | ||
| 082 | 0 | 4 | |a 510 |
| 100 | 1 | |a Seveso, Julia | |
| 245 | 1 | 0 | |a Olimpiada matemática ñandú : |b problemas 7 / |c Julia Seveso, Graciela Ferrarini |
| 260 | |a Buenos Aires : |b Red Olímpica, |c 1999 | ||
| 300 | |a 161 p. | ||
| 490 | 0 | |a Pacha Mama | |
| 653 | |a Olimpíadas matemáticas | ||
| 653 | |a Matemática-olimpíadas | ||
| 700 | 1 | |a Ferrarini, Graciela | |
| 859 | |a CEMS |b BIB. CEMS - 11 de abril |h 510 |i Ol3 |p 20999.00 |t Ej.1 |v 7 |3 7 | ||
